00286nam a22000977a 4500008004100000082001600041110001400057245008000071260002900151300000800180230620b xxu||||| |||| 00| 0 eng d a323.35bLSK bLSKd2001 aLaw society of kenya Recommedations for revision of:The children Bill, 2001 aKenyabLSKcjune 25 2001 a41p